000 00683nam a2200277Ia 4500
005 20260324114042.0
008 008 260324s9999 xx 000 0 eng d
020 _a9781041055907
037 _aEBOOK
040 _aCRL
040 _beng
040 _cCRL
041 _2eng
041 _aeng
084 _qCRL
100 _aBrian Atkins
_91149239
245 0 _aKeeping Safe and Working Effectively For Social Workers and Health Professionals
260 _bTaylor and Francis
260 _c2023
365 _a
365 _b89.99
856 _uhttp://www.taylorfrancis.com/books/9781041055907
942 _cEBOOK
999 _c1739213
_d1739213